Antioxidačné účinky niektorých pochutín

Salvato in:
Dettagli Bibliografici
Autore principale: Kravec, Ján (Autore)
Natura: Manoscritto Libro
Lingua:slovacco
Pubblicazione: Bratislava : STU v Bratislave FCHPT, 2002
Edizione:Obháj.: 5.6.2002
Tags: Aggiungi Tag
Nessun Tag, puoi essere il primo ad aggiungerne!!

MARC

LEADER 00000ntm a22000003a 4500
001 stu76582
005 20150617225644.7
008 020711s2002----xo------------------slo-d
040 |a STU  |b slo 
041 0 |a slo 
044 |a xo 
100 1 |a Kravec, Ján  |4 aut 
245 1 |a Antioxidačné účinky niektorých pochutín 
250 |a Obháj.: 5.6.2002 
260 |a Bratislava :  |b STU v Bratislave FCHPT,  |c 2002 
300 |a 62 s. Tab.,grafy,lit 
500 |a Špec.: Konzervácia a hodnotenie potravín 
996 |b 284C026889  |c C*D13584  |l CCI  |s A  |a 24  |w stu76582_0001